Poemas ilustrados / (Registro nro. 3743)

Detalles MARC
000 -LEADER
fixed length control field 01060nam a2200229Ia 4500
003 - CONTROL NUMBER IDENTIFIER
control field OSt
005 - DATE AND TIME OF LATEST TRANSACTION
control field 20250627092029.0
008 - FIXED-LENGTH DATA ELEMENTS--GENERAL INFORMATION
fixed length control field 191128t2016 ck r 000 p spa d
020 ## - INTERNATIONAL STANDARD BOOK NUMBER
International Standard Book Number 9789588845623
040 ## - CATALOGING SOURCE
Original cataloging agency CO-JMCR
Transcribing agency CO-JMCR
041 ## - LANGUAGE CODE
Language code of text/sound track or separate title spa
082 04 - DEWEY DECIMAL CLASSIFICATION NUMBER
Classification number A-P
Item number CADp
100 1# - MAIN ENTRY--PERSONAL NAME
Personal name Cadavid, Jorge Hernando,
Dates associated with a name 1962
Relator term autor
9 (RLIN) 8738
245 10 - TITLE STATEMENT
Title Poemas ilustrados /
Statement of responsibility, etc. Jorge Hernando Cadavid ; Ilustraciones de Verónica Cardona
260 ## - PUBLICATION, DISTRIBUTION, ETC.
Place of publication, distribution, etc. Medellín :
Name of publisher, distributor, etc. Tragaluz Editores,
Date of publication, distribution, etc. ©2016
300 ## - PHYSICAL DESCRIPTION
Extent 81 páginas :
Other physical details ilustraciones a color ;
Dimensions 17 cm.
500 ## - GENERAL NOTE
General note Incluye datos biográficos del autor en la página 78 ; Incluye tabla de contenido
505 ## - FORMATTED CONTENTS NOTE
Formatted contents note I. Epidemias -- II Virus -- III Antibiótico
520 ## - SUMMARY, ETC.
Summary, etc. En esta poesía, aquello que se nos muestra es, de manera simultánea, revelación y enigma, pensamiento analítico activo y silencio que habla de lo más fundamental que nos constituye, un cuerpo que –luego de la disolución de los órganos y los tejidos– dialo
650 14 - SUBJECT ADDED ENTRY--TOPICAL TERM
Topical term or geographic name entry element Poesía colombiana
Chronological subdivision siglo XX
9 (RLIN) 8739
942 ## - ADDED ENTRY ELEMENTS (KOHA)
Source of classification or shelving scheme Dewey Decimal Classification
Koha item type Books
Existencias
Withdrawn status Lost status Source of classification or shelving scheme Damaged status Not for loan Collection code Home library Current library Date acquired Source of acquisition Total Checkouts Full call number Barcode Date last seen Date last checked out Copy number Koha item type Price effective from
    Dewey Decimal Classification     Fiction Biblioteca Pública José María del Castillo y Rada Biblioteca Pública José María del Castillo y Rada 11/28/2019 Donación 1 A-P CADp 201808044 10/31/2025 10/31/2025 Ej.2 Books  
    Dewey Decimal Classification     Fiction Biblioteca Pública José María del Castillo y Rada Biblioteca Pública José María del Castillo y Rada 11/28/2019 Donación   A-P CADp 201808047 08/13/2020   Ej.1 Books 08/13/2020